Cerámica popular : los 'siurells' baleáricos / Carlos Cid Priego los 'siurells' baleáricos / Carlos Cid Priego
Descripción Física:
p. 159-167 : il. ; 26 cm
MARC
| LEADER | 00000nam a2200000Ia 4500 | ||
|---|---|---|---|
| 001 | 17553 | ||
| 008 | 160829s1952 xx 000 0 cat d | ||
| 080 | |a FU-2-27 | ||
| 100 | |a Cid Priego, Carlos |9 19791 | ||
| 245 | |a Cerámica popular : |b los 'siurells' baleáricos / Carlos Cid Priego | ||
| 260 | |a Barcelona : |b [s.n.], |c 1952 | ||
| 300 | |a p. 159-167 : |b il. ; |c 26 cm | ||
| 590 | |a Separata de: Ampurias, XIV. | ||
| 590 | |a Prové de R.168 del currículum per la plaça de conservador del Museu Arqueològic, 1957 | ||
| 650 | |a Ceràmica |x Balears |9 47159 | ||
| 650 | |a Ceràmica |x Història |9 47160 | ||
| 856 | 4 | |u https://media.diba.cat/diba/fitxers/arxiu/fulletons/bib_17553_baixa.pdf |y Accés lliure | |
| 856 | 4 | |u https://media.diba.cat/diba/fitxers/arxiu/fulletons/bib_17553_baixa.pdf |y Accés lliure | |
| 901 | |a Arxiu | ||
| 942 | |n 1 |2 udc | ||
| 952 | |0 0 |1 0 |4 0 |6 FU227 |7 1 |9 53705 |a Arxiu |b Arxiu |d 2016-12-01 |l 0 |o FU-2-27 |p 17553 |r 2016-12-01 00:00:00 |w 2016-12-01 |y ARXIU | ||
| 999 | |c 57571 |d 57571 | ||
| 900 | |a bib_17553_baixa.pdf | ||